000 00945nac a22002657a 4500
001 BR8300809
003 BR-BrBNA
005 20240105115623.0
008 230509b bl.|||m| |||| 00| 0 por d
040 _aBR-BrBNA
_bpor
_cBiblioteca Nacional de Agricultura
072 _aL10
090 _a5212 BR8300809
110 1 _aPrograma Integrado de Pesquisa Agropecuaria no Rio Grande do Sul, Porto Alegre (Brasil)
_97990
245 1 _aParicao de outono: efeito da carga animal no comportamento reprodutivo de vacas ibage e no desenvolvimento de suas crias
260 3 _aPorto Alegre, RS (Brasil):
_c1983.
300 _a1 p.
490 _aPesquisa - Programa Integrado de Pesquisa Agropecuaria no Rio Grande do Sul (Brazil)
_vno. 86
_x
650 _aVACA
650 _aCICLO ESTRAL
650 _aACASALAMENTO
650 _aPARTO
650 _aFERTILIDADE ANIMAL
909 _a202312
_bLúcia Elande
_c55
_dLúcia Elande
942 _2AGRIS
_n0
_cMS
999 _c275602
_d275602